• 首页
  • 本馆介绍
  • 公告通知
  • 最新文献
  • 馆藏检索
  • 电子资源
  • 读者导购
  • 参考咨询
  • 我的图书馆
  • 登录
  • 详细信息显示
  • 放入我的书架
  • 预约/预借图书
  • 作者相关作品
  • 分类相关作品
  • 丛书相关作品
  • 出版社相关作品

书目信息

  • 表格格式
  • 工作单格式
  • 卡片格式
题名:
程序教学和教学机器
    
 
作者: 普莱西 , 斯金纳 , 克劳德 著 ;刘范 译
分册:  
出版信息: 北京   人民教育出版社  1964.03
页数: 435页
开本: 19cm
丛书名:
单 册:
中图分类: G433
科图分类:
主题词: 电化教学 , 电化教育
电子资源:
ISBN:
000 00699nam0 2200241 45
001 0303271548
005 20060819094022.96
010    @dCNY0.93
091    @a7012.059
100    @a20030327d1964 km y0chiy0120 ea
101 0  @achi@ceng
200 1  @a程序教学和教学机器@ACheng Xu Jiao Xue He Jiao Xue Ji Qi@f(美)普莱西,斯金纳,克劳德等著@F(Mei)Pu Lai Xi,Si Jin Na,Ke Lao De Deng Zhu@g刘范等译
210    @a北京@c人民教育出版社@d1964.03
215    @a435页@d19cm
606 0  @a电化教学
606 0  @a电化教育
690    @aG433@v3
701  0 @a普莱西@4著
701  0 @a斯金纳@4著
701  0 @a克劳德@4著
702  0 @a刘范@ALiu Fan@4译
801    @aCN@bTSTC@c20060819
905    @dG433@e2@f1@b38462
    
    程序教学和教学机器/(美)普莱西,斯金纳,克劳德等著/刘范等译.-北京:人民教育出版社,1964.03
    435页;19cm
    
    
    ISBN :CNY0.93
    
●
相关链接 在E读中查询图书 在五车中查询图书 在当当中查询图书 在豆瓣中查询图书


正题名:程序教学和教学机器     索取号:G433/2         预约/预借

序号 登录号 条形码 馆藏地/架位号 状态 备注
1 0038458   001821069   密集书库/ [索取号:G433/2] 在馆    
2 0038459   001821247   密集书库/ [索取号:G433/2] 在馆    
3 0038460   001772022   密集书库/ [索取号:G433/2] 在馆    
4 0038462   001818288   密集书库/ [索取号:G433/2] 在馆    
5 0447241   204472418   密集书库/ [索取号:G433/2] 在馆    
6 0469442   204694429   密集书库/ [索取号:G433/2] 在馆    
唐山师范学院图书馆 欢迎您!
大连网信软件有限公司© 版权所有